1234 The counting : (Record no. 110128)
[ view plain ]
| 000 -LEADER | |
|---|---|
| fixed length control field | 00454nam a2200157 a 4500 |
| 001 - CONTROL NUMBER | |
| control field | 1668 |
| 005 - DATE AND TIME OF LATEST TRANSACTION | |
| control field | 20140414131850.0 |
| 008 - FIXED-LENGTH DATA ELEMENTS--GENERAL INFORMATION | |
| fixed length control field | 000825s19uu xx 00 eng d |
| 020 ## - INTERNATIONAL STANDARD BOOK NUMBER | |
| International Standard Book Number | 0-88705-642-3 |
| 050 ## - LIBRARY OF CONGRESS CALL NUMBER | |
| Classification number | M 513 |
| Item number | B82 1993 |
| 245 ## - TITLE STATEMENT | |
| Title | 1234 The counting : |
| Remainder of title | lift-the-flap book / |
| Statement of responsibility, etc | illustrated by John Blackman. |
| 260 ## - PUBLICATION, DISTRIBUTION, ETC. (IMPRINT) | |
| Place of publication, distribution, etc | Westport, C.T. : |
| Name of publisher, distributor, etc | Wishing Well Books, |
| Date of publication, distribution, etc | 1993. |
| 300 ## - PHYSICAL DESCRIPTION | |
| Extent | 1 v. p. : ill. ; cm. |
| 650 ## - SUBJECT ADDED ENTRY--TOPICAL TERM | |
| Topical term or geographic name as entry element | Counting. |
| Withdrawn status | Lost status | Damaged status | Use restrictions | Home library | Current library | Shelving location | Date acquired | Source of acquisition | Total Checkouts | Full call number | Barcode | Date last seen | Price effective from | Koha item type |
|---|---|---|---|---|---|---|---|---|---|---|---|---|---|---|
| Munich Library | Munich Library | Main Section | 12/29/2004 | M 513 B82 1993 | M0426 | 04/14/2014 | 04/14/2014 | Books |